| 000 | 00405nam a2200145 4500 | ||
|---|---|---|---|
| 999 |
_c1258 _d1258 |
||
| 008 | 200120b ||||| |||| 00| 0 eng d | ||
| 082 | 0 | 0 |
_a620.112 _bP8292 |
| 100 |
_9843 _aPopov, Egor P. |
||
| 245 | 1 | 0 |
_aIntroduction to mechanics of solids _cby Egor P. Popov |
| 250 | _a1st ed. | ||
| 260 |
_aNew Delhi _bPrentice-Hall _c1973 |
||
| 300 | _axix, 572 p. | ||
| 650 | 0 | _aStrength of Materials | |
| 942 |
_2ddc _cBK |
||